[Event "73rd Tata Steel GMB"]
[Site "Wijk aan Zee NED"]
[Date "2011.01.18"]
[Round "4"]
[White "Li Chao2"]
[Black "Le Quang Liem"]
[Result "1-0"]
[WhiteElo "2649"]
[BlackElo "2664"]
[PlyCount "155"]
[EventDate "2011.01.14"]

1. d4 Nf6 2. c4 e6 3. Nc3 Bb4 4. Qc2 O-O 5. e4 d6 6. Bd3 Nc6 7. Nge2 Ba5 8. a3
Bb6 9. e5 dxe5 10. Bg5 h6 11. Bxf6 Qxf6 12. c5 exd4 13. Ne4 Qg6 14. cxb6 f5 15.
N4g3 e5 16. bxc7 e4 17. Bc4+ Kh7 18. O-O d3 19. Bxd3 exd3 20. Qxd3 f4 21. Qxg6+
Kxg6 22. Ne4 f3 23. N2c3 Rf7 24. Nd5 Be6 25. Nec3 Nd4 26. Rfe1 Ne2+ 27. Kh1 Kh7
28. gxf3 Nxc3 29. Nxc3 Bd7 30. Rac1 Bc6 31. Nb5 a6 32. Nd4 Rxc7 33. Nxc6 bxc6
34. Rc5 Rf8 35. Kg2 Rf6 36. Rec1 Kg8 37. b4 Kf7 38. a4 Rb7 39. R1c4 Rb6 40. h4
Ke7 41. h5 Rb8 42. Kg3 Rb6 43. f4 Rd6 44. a5 Rb5 45. Rxc6 Rxh5 46. Rc7+ Kf6 47.
Rb7 Rhd5 48. Rcc7 g5 49. Rh7 gxf4+ 50. Kxf4 Rf5+ 51. Kg3 Rg5+ 52. Kf3 Rf5+ 53.
Kg2 Ke5 54. Rbd7 Rg6+ 55. Kf1 Rgf6 56. Rhe7+ Kf4 57. Rd4+ Kg5 58. Rg7+ Kh5 59.
Rg2 Re6 60. Rd3 Rg5 61. Rd7 Re4 62. Rb7 Rb5 63. Rxb5+ axb5 64. Rg3 Rxb4 65. Ra3
Rb1+ 66. Kg2 b4 67. Ra4 b3 68. a6 b2 69. Ra5+ Kh4 70. a7 Rd1 71. a8=Q b1=Q 72.
Ra4+ Kg5 73. Qg8+ Kf6 74. Ra6+ Ke5 75. Qe6+ Kd4 76. Ra4+ Kc3 77. Rc4+ Kd3 78.
Qe4+ 1-0

[Event "73rd Tata Steel GMB"]
[Site "Wijk aan Zee NED"]
[Date "2011.01.23"]
[Round "8"]
[White "Spoelman, W."]
[Black "So, W."]
[Result "0-1"]
[WhiteElo "2547"]
[BlackElo "2673"]
[PlyCount "68"]
[EventDate "2011.01.14"]

1. d4 Nf6 2. c4 e6 3. Nc3 Bb4 4. e3 b6 5. Nge2 c5 6. a3 Ba5 7. Rb1 Na6 8. g3
Bb7 9. d5 b5 10. Bg2 bxc4 11. O-O O-O 12. e4 d6 13. Qa4 exd5 14. exd5 Bxc3 15.
bxc3 Qc8 16. Nf4 Nc7 17. Bh3 Qb8 18. Qd1 Re8 19. Re1 Rxe1+ 20. Qxe1 Ncxd5 21.
Nxd5 Nxd5 22. Rxb7 Qxb7 23. Bg2 Rb8 24. Qd2 Qb1 25. Bxd5 Qd3 26. Qxd3 cxd3 27.
Kg2 Rb1 28. Bd2 Rb2 29. Bf4 d2 30. Bf3 d5 31. Be3 d4 32. cxd4 c4 33. d5 c3 34.
d6 Rb1 0-1